Innocent (Record no. 109859)
[ view plain ]
| 000 -LEADER | |
|---|---|
| fixed length control field | 00820cam a22001815a 4500 |
| 001 - CONTROL NUMBER | |
| control field | L148047 |
| 008 - FIXED-LENGTH DATA ELEMENTS--GENERAL INFORMATION | |
| fixed length control field | 090716s2008 xxk f 000 0 eng d |
| 020 ## - INTERNATIONAL STANDARD BOOK NUMBER | |
| International Standard Book Number | 9781905736577 |
| 035 ## - SYSTEM CONTROL NUMBER | |
| System control number | (Sirsi) u148047 |
| 041 0# - LANGUAGE CODE | |
| Language code of text/sound track or separate title | eng |
| 100 1# - MAIN ENTRY--PERSONAL NAME | |
| Personal name | Simmons, John. |
| 245 00 - TITLE STATEMENT | |
| Title | Innocent |
| Remainder of title | Building a brand from nothing but fruit |
| 260 ## - PUBLICATION, DISTRIBUTION, ETC. | |
| Place of publication, distribution, etc. | London |
| Name of publisher, distributor, etc. | Marshall Cavendish Limited |
| Date of publication, distribution, etc. | 2008. |
| 300 ## - PHYSICAL DESCRIPTION | |
| Extent | 191 p. |
| -- | ill., port. |
| Dimensions | 21 cm. |
| 520 ## - SUMMARY, ETC. | |
| Summary, etc. | This book is about the stuff that the founders of Innocent brand learned since selling their first few smoothies. It speaks about having ideas and making drinks, about running a business and getting started, about nature and fruit, about company life and working with friends, about the stuff they have got right and wrong along the way. |
| 651 #4 - SUBJECT ADDED ENTRY--GEOGRAPHIC NAME | |
| Geographic name | ENGLAND AND WALES |
| 942 ## - ADDED ENTRY ELEMENTS (KOHA) | |
| Suppress in OPAC | 0 |
No items available.